Former lé ingénieurs par l'université virtuelle
Le concept d'université virtuelle fait florès à travers le monde. Il s'agit d'un système d'enseignement à ... scientifiques et techniques. L'UVA a pour objectif de former une nouvelle génération de scientifiques
Đã lưu trong:
| Tác giả chính: | |
|---|---|
| Định dạng: | Sách |
| Ngôn ngữ: | Undetermined |
| Được phát hành: |
Bruxelles
Presses Universitaires de Bruxelles
2000
|
| Những chủ đề: | |
| Các nhãn: |
Thêm thẻ
Không có thẻ, Là người đầu tiên thẻ bản ghi này!
|
| Thư viện lưu trữ: | Trung tâm Học liệu Trường Đại học Cần Thơ |
|---|
| LEADER | 00812nam a2200193Ia 4500 | ||
|---|---|---|---|
| 001 | CTU_232808 | ||
| 008 | 210402s9999 xx 000 0 und d | ||
| 082 | |a 378 | ||
| 082 | |b G325 | ||
| 100 | |a Gendreau-Massaloux, Michèle | ||
| 245 | 0 | |a Former lé ingénieurs par l'université virtuelle | |
| 245 | 0 | |c Michèle Gendreau-Massaloux | |
| 260 | |a Bruxelles | ||
| 260 | |b Presses Universitaires de Bruxelles | ||
| 260 | |c 2000 | ||
| 520 | |a Le concept d'université virtuelle fait florès à travers le monde. Il s'agit d'un système d'enseignement à ... scientifiques et techniques. L'UVA a pour objectif de former une nouvelle génération de scientifiques | ||
| 650 | |a Giáo dục đại học,Education, Higher. | ||
| 910 | |b dqhieu | ||
| 980 | |a Trung tâm Học liệu Trường Đại học Cần Thơ | ||